Países sin letra "A" - Estadísticas

Estadísticas generales
  • Esta prueba ha sido intentada 258 veces
    239 desde el último reinicio
  • La puntuación promedio es 15 de 22
Estadísticas de respuestas
Países. % Correcto
México
88%
Chile
86%
Perú
84%
Yemen
76%
Belice
73%
Egipto
73%
Togo
71%
Fiyi
68%
Luxemburgo
67%
Lesoto
64%
Liechtenstein
64%
Kosovo
63%
Níger
63%
Túnez
63%
Chipre
61%
Reino Unido
59%
Yibuti
59%
Benín
56%
Brunéi
54%
Montenegro
54%
Seychelles
54%
Burundi
52%
No se encontraron pruebas coincidentes
Distribución de puntuación
Porcentaje de gente con cada puntuación
Porcentaje por número respondido
Historial de tus puntuaciones
No has intentado esta prueba desde el último reinicio